Nghiên cứu sự tác động của chính sách cho vay theo Nghị Định 55/2015/NĐ-CP đến thu nhập của nông hộ sản xuất lúa trên địa bàn Thị xã Cai Lậy – tỉnh Tiền Giang : Luận văn Thạc sĩ Kinh tế. Chuyên ngành Tài chính - Ngân hàng
Nghiên cứu sự tác động của chính sách cho vay theo Nghị định 55/2015/NĐ-CP đến thu nhập của nông hộ sản xuất lúa. Từ đó, đề xuất các giải pháp nhằm nâng cao khả năng tiếp cận vốn vay từ chương trình cho vay theo Nghị định này, và từ đó góp p...
Bewaard in:
| Hoofdauteur: | |
|---|---|
| Formaat: | Boek |
| Taal: | Undetermined |
| Gepubliceerd in: |
Cần Thơ
Trường Đại học Cần Thơ
2019
|
| Onderwerpen: | |
| Tags: |
Voeg label toe
Geen labels, Wees de eerste die dit record labelt!
|
| Thư viện lưu trữ: | Trung tâm Học liệu Trường Đại học Cần Thơ |
|---|
| LEADER | 01448nam a2200217Ia 4500 | ||
|---|---|---|---|
| 001 | CTU_229981 | ||
| 008 | 210402s9999 xx 000 0 und d | ||
| 082 | |a 332.7 | ||
| 082 | |b Tr552 | ||
| 088 | |a 8340201 | ||
| 100 | |a Nguyễn, Chánh Trực | ||
| 245 | 0 | |a Nghiên cứu sự tác động của chính sách cho vay theo Nghị Định 55/2015/NĐ-CP đến thu nhập của nông hộ sản xuất lúa trên địa bàn Thị xã Cai Lậy – tỉnh Tiền Giang : | |
| 245 | 0 | |b Luận văn Thạc sĩ Kinh tế. Chuyên ngành Tài chính - Ngân hàng | |
| 245 | 0 | |c Nguyễn Chánh Trực ; Trần Ái Kết (Cán bộ hướng dẫn) | |
| 260 | |a Cần Thơ | ||
| 260 | |b Trường Đại học Cần Thơ | ||
| 260 | |c 2019 | ||
| 520 | |a Nghiên cứu sự tác động của chính sách cho vay theo Nghị định 55/2015/NĐ-CP đến thu nhập của nông hộ sản xuất lúa. Từ đó, đề xuất các giải pháp nhằm nâng cao khả năng tiếp cận vốn vay từ chương trình cho vay theo Nghị định này, và từ đó góp phần làm tăng thu nhập của nông hộ sản xuất lúa trên địa bàn Thị xã Cai Lậy, tỉnh Tiền Giang. | ||
| 650 | |a Credit,Tín dụng | ||
| 910 | |b nthai | ||
| 980 | |a Trung tâm Học liệu Trường Đại học Cần Thơ | ||